000 00653nam a2200253Ia 4500
003 OSt
005 20220918220533.0
006 a|||||r|||| 00| 0
007 ta
008 220917b |||||||| |||| 00| 0 eng d
024 _a146,305
037 _cTextual
040 _aARTS
_cARTS
_beng
041 _2eng
_aeng
082 _aYZ, K3
100 _aArrow Kenneth J.
_9137716
245 0 _aSocial choice and individual values.
250 _a2nd
260 _aNew Haven
_bYale university press
_c1963
300 _axi 124p.
_ccm.
650 _aSOCIOLOGY
942 _hYZ, K3
_cTEXL
_2CC
999 _c269061
_d269061